书目信息 |
| 题名: |
高压架空输电线路季节性事故预防
|
|
| 作者: | ;水利电力部办公厅图书编辑部 编 | |
| 分册: | ||
| 出版信息: | 北京 中国工业出版社 1966 |
|
| 页数: | 103页 | |
| 开本: | 20cm | |
| 丛书名: | 电气工人丛书 | |
| 单 册: | ||
| 中图分类: | TM81 | |
| 科图分类: | ||
| 主题词: | 高电压--安全 | |
| 电子资源: | ||
| ISBN: | ||
| 000 | 00813nam0 2200229 450 | |
| 001 | 0640407833 | |
| 005 | 20060525103535.54 | |
| 010 | @dCNY0.36 | |
| 091 | @a15165.4467 | |
| 100 | @a20060509d1966 km y0chiy0120 ea | |
| 101 | 0 | @achi |
| 200 | 1 | @a高压架空输电线路季节性事故预防@Agao ya jia kong shu dian xian lu ji jie xing shi gu yu fang@f水利电力部办公厅图书编辑部编@Fshui li dian li bu ban gong ting tu shu bian ji bu bian |
| 210 | @a北京@c中国工业出版社@d1966 | |
| 215 | 1 | @a103页@d20cm |
| 225 | 2 | @a电气工人丛书@i高压输配电线路部分 |
| 410 | 0 | @12001 @a电气工人丛书 |
| 410 | 0 | @12001 @a高压输配电线路部分 |
| 606 | 0 | @a高电压@x安全 |
| 690 | @aTM81@v4 | |
| 711 | 0 | @a水利电力部办公厅图书编辑部@Ashui li dian li bu ban gong ting tu shu bian ji bu@4编 |
| 801 | 0 | @aCN@bPFT@c20060525 |
| 905 | @a10447@dTM81@e1 | |
| 高压架空输电线路季节性事故预防/水利电力部办公厅图书编辑部编.-北京:中国工业出版社,1966 |
| 103页;20cm.-(电气工人丛书.高压输配电线路部分) |
| ISBN :CNY0.36 |
| ● |
| 相关链接 |
|
|
|
|
正题名:高压架空输电线路季节性事故预防
索取号:TM81/1
 
预约/预借
| 序号 | 登录号 | 条形码 | 馆藏地/架位号 | 状态 | 备注 |
| 1 | 0005714 | 202308467 | 密集书库/ [索取号:TM81/1] | 在馆 | |
| 2 | 0005715 | 202384017 | 密集书库/ [索取号:TM81/1] | 在馆 |